Normal view MARC view
  • IRON NODULER

Entry Topical Term

Number of records used in: 1

001 - CONTROL NUMBER

  • control field: 67542

003 - CONTROL NUMBER IDENTIFIER

  • control field: NUST

005 - DATE AND TIME OF LATEST TRANSACTION

  • control field: 20210628203838.0

008 - FIXED-LENGTH DATA ELEMENTS

  • fixed length control field: 210628|| aca||aabn | a|a d

040 ## - CATALOGING SOURCE

  • Original cataloging agency: NUST
  • Transcribing agency: NUST

150 ## - HEADING--TOPICAL TERM

  • Topical term or geographic name entry element: IRON NODULER

670 ## - SOURCE DATA FOUND

  • Source citation: Work cat.: (NUST): DORAZIL, E 67541, HIGH STRENGTH AUSTEMPERED DUCTILE CAST IRON, 1988
© 2023 Central Library, National University of Sciences and Technology. All Rights Reserved.